000 002390000a22000970004500
100 1 _aWheeler, Andrew
245 1 0 _aPasos históricos hacia la pacificación
300 _aNúm 45 (2001), Páginas 12-13
773 0 _tPaso a paso
942 _cANA
999 _c52556
_d52556